000 00299nam a2200145Ia 4500
100 _aMitchell/ Will David
942 _cRB
654 _aJAVA
245 _aDebugging JAVA
260 _bTata Mc Graw hill
_c2000
082 _a005.133'J'
_bMIT
300 _a461
546 _aENGLISH
999 _c34264
_d34264